[Event "Wch U14"]
[Site "Porto Carras"]
[Date "2015.10.25"]
[Round "1"]
[White "Anthopoulos, Hristos"]
[Black "Shevchenko, Kirill"]
[Result "0-1"]
[WhiteElo "1920"]
[BlackElo "2359"]
[PlyCount "90"]
[EventDate "2015.10.25"]
[EventType "swiss"]
[EventRounds "11"]
[EventCountry "GRE"]
[SourceTitle "CBM 169 Extra"]
[Source "ChessBase"]
[SourceDate "2015.12.18"]
[SourceVersion "1"]
[SourceVersionDate "2015.12.18"]
[SourceQuality "1"]

1. e4 c5 2. Nf3 d6 3. d4 cxd4 4. Nxd4 Nf6 5. Nc3 a6 6. Bg5 e6 7. f4 Be7 8. Qf3 Qc7 9. 0-0-0 h6 10. Bh4 Nbd7 11. Be2 0-0 12. Qg3 Nc5 13. e5 Nfe4 14. Nxe4 Nxe4 15. Qf3 dxe5 16. Bxe7 Qxe7 17. Qxe4 exd4 18. Rxd4 Ra7 19. Bd3 f5 20. Qe5 b5 21. Re1 Rd7 22. Rxd7 Qxd7 23. h3 Rd8 24. g4 fxg4 25. Qe4 Qd4 26. Qh7+ Kf8 27. hxg4 Qxf4+ 28. Kb1 Qf6 29. a3 Ke7 30. Rf1 Qe5 31. Bg6 Kd6 32. Rf7 Rd7 33. Qg8 Rxf7 34. Bxf7 Kc7 35. Qf8 Bd7 36. Be8 Bxe8 37. Qxe8 Qf6 38. Ka2 e5 39. a4 bxa4 40. Qxa4 Qe6+ 41. Kb1 e4 42. Qa5+ Kd7 43. g5 e3 44. Kc1 Qe4 45. Kd1 Qf3+ 0-1

[Event "EU-ch U14 25th"]
[Site "Porec"]
[Date "2015.09.29"]
[Round "8"]
[White "Psyk, Radoslaw"]
[Black "Anthopoulos, Hristos"]
[Result "1-0"]
[WhiteElo "2108"]
[BlackElo "1942"]
[PlyCount "61"]
[EventDate "2015.09.21"]
[EventType "swiss"]
[EventRounds "9"]
[EventCountry "CRO"]
[SourceTitle "EXT 2016"]
[Source "ChessBase"]
[SourceDate "2015.10.08"]
[SourceVersion "1"]
[SourceVersionDate "2015.10.08"]
[SourceQuality "1"]

1. f4 Nf6 2. Nf3 g6 3. b3 Bg7 4. Bb2 0-0 5. e3 d6 6. Be2 c6 7. 0-0 Nbd7 8. Qe1 Qc7 9. Qh4 e5 10. fxe5 dxe5 11. Nc3 b5 12. a4 bxa4 13. Nxa4 Re8 14. Bc4 h6 15. Qg3 Nd5 16. e4 N5b6 17. Bxf7+ Kxf7 18. Nxe5+ Kg8 19. Qxg6 Nxe5 20. Qxe8+ Kh7 21. Nxb6 Qxb6+ 22. Kh1 Ba6 23. Qxa8 Bxf1 24. Rxf1 Ng4 25. Bxg7 Nf2+ 26. Rxf2 Qxf2 27. Qh8+ Kg6 28. Qxh6+ Kf7 29. Qf6+ Qxf6 30. Bxf6 Kxf6 31. h4 1-0

[Event "EU-ch U14 25th"]
[Site "Porec"]
[Date "2015.09.24"]
[Round "4"]
[White "Kosakowski, Jakub"]
[Black "Anthopoulos, Hristos"]
[Result "0-1"]
[WhiteElo "2270"]
[BlackElo "1942"]
[PlyCount "56"]
[EventDate "2015.09.21"]
[EventType "swiss"]
[EventRounds "9"]
[EventCountry "CRO"]
[SourceTitle "EXT 2016"]
[Source "ChessBase"]
[SourceDate "2015.10.08"]
[SourceVersion "1"]
[SourceVersionDate "2015.10.08"]
[SourceQuality "1"]

1. e4 c5 2. Nf3 g6 3. d4 cxd4 4. Nxd4 Bg7 5. c4 Nc6 6. Be3 Nf6 7. Nc3 d6 8. f3 0-0 9. Qd2 Bd7 10. Be2 Nxd4 11. Bxd4 Bc6 12. 0-0 Nd7 13. Bxg7 Kxg7 14. Kh1 a5 15. b3 Nc5 16. Rab1 f5 17. exf5 Rxf5 18. Rfd1 Qf8 19. a3 b6 20. b4 axb4 21. axb4 Ne6 22. Qe3 Qf6 23. b5 Bb7 24. Qxb6 Nc5 25. Rbc1 Ra3 26. Nd5 Bxd5 27. cxd5 Ra2 28. Re1 Re5 0-1

[Event "EU-ch U14 25th"]
[Site "Porec"]
[Date "2015.09.23"]
[Round "3"]
[White "Anthopoulos, Hristos"]
[Black "Olsen, Filip Boe"]
[Result "1-0"]
[WhiteElo "1942"]
[BlackElo "2247"]
[PlyCount "73"]
[EventDate "2015.09.21"]
[EventType "swiss"]
[EventRounds "9"]
[EventCountry "CRO"]
[SourceTitle "EXT 2016"]
[Source "ChessBase"]
[SourceDate "2015.10.08"]
[SourceVersion "1"]
[SourceVersionDate "2015.10.08"]
[SourceQuality "1"]

1. e4 c6 2. d4 d5 3. Nc3 dxe4 4. Nxe4 Bf5 5. Ng3 Bg6 6. h4 h6 7. Nf3 Nd7 8. h5 Bh7 9. Bd3 Bxd3 10. Qxd3 e6 11. Bd2 Qc7 12. 0-0-0 Ngf6 13. Ne4 0-0-0 14. g3 Nxe4 15. Qxe4 Nf6 16. Qe2 Bd6 17. c4 c5 18. Bc3 cxd4 19. Nxd4 a6 20. Kb1 Rd7 21. Rc1 Rhd8 22. Nb3 Qc6 23. Rh4 Bc7 24. c5 Kb8 25. Ba5 Ka7 26. Rb4 Nd5 27. Rb6 Qa4 28. Rc4 Qxc4 29. Qxc4 Bxb6 30. cxb6+ Ka8 31. a3 Ne7 32. Bc3 g6 33. hxg6 Nxg6 34. Bf6 Rb8 35. Nc5 Rc8 36. Qa4 Rxc5 37. Qxd7 1-0

[Event "EU-ch U14 25th"]
[Site "Porec"]
[Date "2015.09.21"]
[Round "1"]
[White "Anthopoulos, Hristos"]
[Black "Fakhrutdinov, Timur"]
[Result "1/2-1/2"]
[WhiteElo "1942"]
[BlackElo "2305"]
[PlyCount "97"]
[EventDate "2015.09.21"]
[EventType "swiss"]
[EventRounds "9"]
[EventCountry "CRO"]
[SourceTitle "EXT 2016"]
[Source "ChessBase"]
[SourceDate "2015.10.08"]
[SourceVersion "1"]
[SourceVersionDate "2015.10.08"]
[SourceQuality "1"]

1. e4 c5 2. Nf3 Nc6 3. d4 cxd4 4. Nxd4 Nf6 5. Nc3 d6 6. Bg5 e6 7. Qd2 a6 8. 0-0-0 h6 9. Bf4 Bd7 10. Nxc6 Bxc6 11. f3 d5 12. exd5 Nxd5 13. Nxd5 Qxd5 14. Qxd5 Bxd5 15. c4 Rc8 16. Kb1 Bc6 17. Be5 f6 18. Bc3 Kf7 19. Bd3 Be7 20. Rhe1 Rhd8 21. Bc2 g5 22. h3 h5 23. Ba5 Rxd1+ 24. Rxd1 f5 25. Rd2 Bc5 26. Bc3 Be3 27. Re2 f4 28. Bd2 Bxd2 29. Rxd2 Rg8 30. Bd1 e5 31. c5 Ke7 32. b4 Rd8 33. Kc1 Rh8 34. a4 Kf6 35. Rd6+ Kg7 36. Re6 Re8 37. Rxe8 Bxe8 38. Kd2 Kf6 39. Kc3 Bd7 40. Kc4 Be6+ 41. Kd3 Ba2 42. b5 axb5 43. axb5 Ke6 44. Kc3 Kd7 45. Bc2 Bd5 46. Bf5+ Kc7 47. Kd3 b6 48. c6 Kd6 49. Kc3 1/2-1/2

[Event "GRE-ch U14"]
[Site "Greece"]
[Date "2014.07.10"]
[Round "9"]
[White "Petrakis, Stylianos"]
[Black "Anthopoulos, Hristos"]
[Result "1-0"]
[WhiteElo "1583"]
[BlackElo "1859"]
[PlyCount "71"]
[EventDate "2014.07.04"]
[EventType "swiss"]
[EventRounds "9"]
[EventCountry "GRE"]
[SourceTitle "EXT 2017"]
[Source "ChessBase"]
[SourceDate "2016.10.25"]
[SourceVersion "1"]
[SourceVersionDate "2016.10.25"]
[SourceQuality "1"]

1. e4 c5 2. Nf3 e6 3. d4 cxd4 4. Nxd4 a6 5. Bd3 Bc5 6. Nb3 Be7 7. 0-0 Qc7 8. Nc3 Nf6 9. f4 d6 10. e5 dxe5 11. fxe5 Nfd7 12. Bf4 Nc6 13. Qg4 g6 14. Rae1 Ndxe5 15. Qg3 Qb6+ 16. Kh1 Nxd3 17. Bc7 Qb4 18. Re4 Nxb2 19. Rxb4 Bxb4 20. Ne4 Nc4 21. Nf6+ Ke7 22. Qf4 Nd6 23. Nd5+ exd5 24. Bxd6+ Bxd6 25. Qxf7+ Kd8 26. Qf6+ Kc7 27. Qxh8 Rb8 28. Qxh7+ Bd7 29. Rf7 Ne5 30. Rg7 Rf8 31. Kg1 a5 32. Qh3 a4 33. Nd4 Bc5 34. c3 Kd6 35. Qg3 Rf6 36. Rxd7+ 1-0

[Event "GRE-ch U14"]
[Site "Greece"]
[Date "2014.07.07"]
[Round "6"]
[White "Pavlidis, Pavlos"]
[Black "Anthopoulos, Hristos"]
[Result "1-0"]
[WhiteElo "1507"]
[BlackElo "1859"]
[PlyCount "79"]
[EventDate "2014.07.04"]
[EventType "swiss"]
[EventRounds "9"]
[EventCountry "GRE"]
[SourceTitle "EXT 2017"]
[Source "ChessBase"]
[SourceDate "2016.10.25"]
[SourceVersion "1"]
[SourceVersionDate "2016.10.25"]
[SourceQuality "1"]

1. e4 c5 2. Nf3 e6 3. d4 cxd4 4. Nxd4 a6 5. Nc3 Qc7 6. Nb3 Nf6 7. Bd3 Bb4 8. Bd2 b5 9. Qe2 Bb7 10. 0-0 Be7 11. Kh1 d6 12. f4 Nbd7 13. Nd1 h5 14. Nf2 h4 15. Rac1 d5 16. e5 Nh5 17. Ng4 Nc5 18. f5 Nxb3 19. cxb3 Qb6 20. Be3 d4 21. Bd2 h3 22. Be4 hxg2+ 23. Kxg2 exf5 24. Rxf5 Rd8 25. Rf2 Bh4 26. Rff1 Rd7 27. Qf3 Bxe4 28. Qxe4 Qb7 29. Qxb7 Rxb7 30. Rc8+ Bd8 31. Bg5 Kd7 32. Rxd8+ Rxd8 33. Rxf7+ Kc8 34. Rxb7 Rf8 35. Rb6 Rf5 36. Bd2 Nf4+ 37. Bxf4 Rxf4 38. Nf2 Rf5 39. Rxa6 Rxe5 40. Rd6 1-0

[Event "GRE-ch U14"]
[Site "Greece"]
[Date "2014.07.05"]
[Round "3"]
[White "Vitsaxakis, Nikolaos"]
[Black "Anthopoulos, Hristos"]
[Result "1-0"]
[WhiteElo "1582"]
[BlackElo "1859"]
[PlyCount "97"]
[EventDate "2014.07.04"]
[EventType "swiss"]
[EventRounds "9"]
[EventCountry "GRE"]
[SourceTitle "EXT 2017"]
[Source "ChessBase"]
[SourceDate "2016.10.25"]
[SourceVersion "1"]
[SourceVersionDate "2016.10.25"]
[SourceQuality "1"]

1. e4 c5 2. Nc3 e6 3. g3 d5 4. d3 Nc6 5. Bg2 Nf6 6. Bg5 d4 7. Nb1 Be7 8. f4 h6 9. Bxf6 Bxf6 10. Nf3 Qb6 11. Qc1 Bd7 12. Nbd2 0-0 13. 0-0 Rac8 14. Nc4 Qc7 15. a4 b6 16. g4 a6 17. h4 b5 18. axb5 axb5 19. Na3 Na5 20. Qe1 b4 21. Nb1 Be7 22. Ne5 Bb5 23. b3 Nc6 24. Nxc6 Bxc6 25. Nd2 Ra8 26. Qf2 Rxa1 27. Rxa1 f5 28. gxf5 exf5 29. e5 Bxg2 30. Kxg2 Qc6+ 31. Qf3 Qe6 32. Qh5 Qc6+ 33. Kh3 Kh7 34. Qf3 Qe6 35. Rg1 g5 36. hxg5 hxg5 37. fxg5 Kg6 38. Qf4 Rh8+ 39. Kg3 Rh5 40. Nf3 Bxg5 41. Kf2 Qe7 42. Nh4+ Kh6 43. Nxf5+ Kh7 44. Qe4 Qf8 45. Ke1 Kh8 46. Rxg5 Rh2 47. e6 Qf6 48. Qa8+ Kh7 49. Qg8# 1-0

[Event "Peristeri op A"]
[Site "Peristeri"]
[Date "2014.05.31"]
[Round "6"]
[White "Anthopoulos, Hristos"]
[Black "Pappelis, Dimitrios"]
[Result "1-0"]
[WhiteElo "1837"]
[BlackElo "2078"]
[PlyCount "105"]
[EventDate "2014.04.23"]
[EventType "swiss"]
[EventRounds "7"]
[EventCountry "GRE"]
[SourceTitle "EXT 2024"]
[Source "ChessBase"]
[SourceDate "2023.10.10"]
[SourceVersion "1"]
[SourceVersionDate "2023.10.10"]
[SourceQuality "1"]

1. e4 c5 2. Nc3 g6 3. f4 Bg7 4. Nf3 Nc6 5. Bc4 d6 6. 0-0 e6 7. d3 Nge7 8. Qe1 Nd4 9. Nxd4 cxd4 10. Ne2 0-0 11. Bd2 d5 12. Bb3 dxe4 13. dxe4 Qb6 14. Kh1 Bd7 15. Qh4 Nc6 16. Rf3 Qd8 17. Qg3 Na5 18. e5 Nxb3 19. axb3 Bb5 20. Qf2 Bxe2 21. Qxe2 Qd5 22. Ra5 Qc6 23. Bb4 Rfd8 24. Rc5 Qb6 25. Qc4 Bf8 26. Rb5 Qa6 27. Bxf8 Kxf8 28. Qb4+ Kg8 29. h3 b6 30. Qa4 Qb7 31. Rb4 Qe4 32. Rd3 b5 33. Qxb5 Qxf4 34. Rf3 Qc1+ 35. Kh2 Qe1 36. Qc5 Rac8 37. Qxa7 Qxe5+ 38. Kh1 Rc7 39. Rb7 Rxc2 40. Rbxf7 Rc1+ 41. Rf1 Rxf1+ 42. Rxf1 Rf8 43. Rxf8+ Kxf8 44. Qa3+ Kf7 45. b4 Qe1+ 46. Kh2 e5 47. b5 Qf1 48. b6 Qf4+ 49. Qg3 Qe4 50. Qb3+ Ke7 51. b7 Qf4+ 52. Qg3 d3 53. Qxf4 1-0

[Event "Attica-ch U18"]
[Site "Iraklio"]
[Date "2013.12.26"]
[Round "3.2"]
[White "Anthopoulos, Hristos"]
[Black "Spyropoulos, Nikolaos"]
[Result "1-0"]
[WhiteElo "1788"]
[BlackElo "1548"]
[PlyCount "89"]
[EventDate "2013.12.22"]
[EventType "swiss"]
[EventRounds "7"]
[EventCountry "GRE"]
[SourceTitle "EXT 2024"]
[Source "ChessBase"]
[SourceDate "2023.10.10"]
[SourceVersion "1"]
[SourceVersionDate "2023.10.10"]
[SourceQuality "1"]

1. Nf3 Nf6 2. d4 e6 3. Bf4 b6 4. e3 Bb7 5. h3 d5 6. Be2 Bd6 7. Bxd6 Qxd6 8. 0-0 0-0 9. Nbd2 Nbd7 10. c4 c5 11. Bd3 Rac8 12. Rc1 Rfd8 13. Qe2 e5 14. cxd5 cxd4 15. e4 Rc5 16. Nc4 Qe7 17. b4 Rcc8 18. a3 Ne8 19. Nfd2 Nd6 20. Nxd6 Qxd6 21. Rxc8 Rxc8 22. Nc4 Qe7 23. f4 f6 24. Qg4 exf4 25. Qxf4 Ne5 26. Nxe5 Qxe5 27. Qxe5 fxe5 28. d6 h6 29. Bc4+ Kh8 30. Be6 Rd8 31. d7 Bxe4 32. Rf7 Bg6 33. Re7 e4 34. Bf5 Kh7 35. Re8 Rxd7 36. Bxd7 Bxe8 37. Bxe8 g5 38. Kf2 Kg7 39. Bc6 e3+ 40. Ke2 Kf6 41. Kd3 Ke5 42. Bf3 a5 43. bxa5 bxa5 44. a4 Kd6 45. Kxd4 1-0

[Event "GRE-ch U12"]
[Site "Patras"]
[Date "2013.07.09"]
[Round "2.3"]
[White "Anthopoulos, Hristos"]
[Black "Paraskevas, Georgios"]
[Result "1-0"]
[WhiteElo "1725"]
[BlackElo "1443"]
[PlyCount "73"]
[EventDate "2013.07.08"]
[EventType "swiss"]
[EventRounds "9"]
[EventCountry "GRE"]
[SourceTitle "EXT 2024"]
[Source "ChessBase"]
[SourceDate "2023.10.10"]
[SourceVersion "1"]
[SourceVersionDate "2023.10.10"]
[SourceQuality "1"]

1. e4 e5 2. Nf3 Nc6 3. Bc4 Nf6 4. Ng5 Bc5 5. Nxf7 Bxf2+ 6. Kf1 Qe7 7. Nxh8 d5 8. Be2 Qf8 9. exd5 Nd4 10. Bf3 Bf5 11. d3 Ng4 12. c3 Nxf3 13. Qxf3 Bxd3+ 14. Qxd3 Be3+ 15. Ke2 Bxc1 16. Rf1 Qc5 17. b4 Qb6 18. Nd2 Bxd2 19. Kxd2 Rd8 20. Rae1 Qh6+ 21. Kc2 Qxh2 22. Qf3 Nf6 23. Rh1 Qxh1 24. Rxh1 Rxd5 25. Rxh7 e4 26. Qf4 Rd7 27. Rh3 Re7 28. Ng6 Rd7 29. Rh8+ Kf7 30. Ne5+ Ke6 31. Nxd7 Kxd7 32. Qe5 Kc6 33. Rd8 b6 34. Qe6+ Kb7 35. b5 a6 36. Qc6+ Ka7 37. Ra8# 1-0

[Event "GRE-ch U12"]
[Site "Patras"]
[Date "2013.07.08"]
[Round "1.3"]
[White "Sotiropoulos, Anastasios Theohar"]
[Black "Anthopoulos, Hristos"]
[Result "0-1"]
[WhiteElo "1390"]
[BlackElo "1725"]
[PlyCount "86"]
[EventDate "2013.07.08"]
[EventType "swiss"]
[EventRounds "9"]
[EventCountry "GRE"]
[SourceTitle "EXT 2024"]
[Source "ChessBase"]
[SourceDate "2023.10.10"]
[SourceVersion "1"]
[SourceVersionDate "2023.10.10"]
[SourceQuality "1"]

1. Nf3 Nf6 2. c4 g6 3. Nc3 Bg7 4. g3 d6 5. Bg2 0-0 6. 0-0 Nbd7 7. d3 e5 8. Bd2 Rb8 9. Rb1 Ne8 10. Qc1 f5 11. Bh6 Ndf6 12. Bxg7 Nxg7 13. Nd2 Ne6 14. b4 Ng4 15. h3 Nf6 16. a4 f4 17. Kh2 g5 18. Nd5 Nxd5 19. Bxd5 c6 20. Bxe6+ Bxe6 21. b5 Qf6 22. g4 Qh6 23. f3 Qg6 24. Kg2 h5 25. Qb2 c5 26. Ne4 Bd7 27. a5 Kg7 28. Rh1 Rh8 29. Rbc1 Rbe8 30. Qa1 Rh6 31. Qb1 Reh8 32. Qa1 Kf8 33. Qb1 Ke7 34. Rce1 a6 35. bxa6 bxa6 36. Qb7 hxg4 37. hxg4 Qh7 38. Nf2 Rh2+ 39. Rxh2 Qxh2+ 40. Kf1 Qg3 41. e3 Rh2 42. Re2 fxe3 43. Qb2 Qg2+ 0-1

[Event "Petroupoli ASOP Dias op"]
[Site "Petroupoli"]
[Date "2013.01.23"]
[Round "1.11"]
[White "Kagas, Konstantinos"]
[Black "Anthopoulos, Hristos"]
[Result "1-0"]
[WhiteElo "2043"]
[BlackElo "1706"]
[PlyCount "103"]
[EventDate "2013.01.23"]
[EventType "swiss"]
[EventRounds "7"]
[EventCountry "GRE"]
[SourceTitle "EXT 2024"]
[Source "ChessBase"]
[SourceDate "2023.10.10"]
[SourceVersion "1"]
[SourceVersionDate "2023.10.10"]
[SourceQuality "1"]

1. Nf3 Nf6 2. g3 g6 3. b3 Bg7 4. Bb2 d6 5. Bg2 0-0 6. 0-0 Nbd7 7. d4 c6 8. Nbd2 Re8 9. e4 Qc7 10. Re1 e5 11. dxe5 Nxe5 12. Nxe5 dxe5 13. Nc4 Bg4 14. Qd6 Qxd6 15. Nxd6 Re7 16. f3 Bc8 17. Ba3 Rc7 18. Bb2 Nh5 19. Nc4 f6 20. Rad1 Be6 21. Bf1 Bf8 22. Ba3 Bxa3 23. Nxa3 Ng7 24. Rd6 Rd7 25. Rxd7 Bxd7 26. Rd1 Be6 27. Bc4 Rc8 28. Rd7 Bxc4 29. Nxc4 Ne8 30. Rxb7 Rc7 31. Rb8 Kf7 32. Kf2 Ke7 33. Ke2 Nd6 34. Nxd6 Kxd6 35. Kd3 Rd7 36. Ke2 Ke7 37. Rc8 Kd6 38. a4 Rb7 39. Kd3 Rb4 40. Rd8+ Ke6 41. Kc3 Rb6 42. Kc4 Rb7 43. Kc5 Rd7 44. Rxd7 Kxd7 45. b4 f5 46. g4 f4 47. g5 Kc7 48. c4 a6 49. b5 cxb5 50. cxb5 axb5 51. Kxb5 Kb7 52. Kc5 1-0

[Event "GRE-chT 40th"]
[Site "Achaia"]
[Date "2012.07.05"]
[Round "7.2"]
[White "Anthopoulos, Hristos"]
[Black "Kolyvas, Aris"]
[Result "1-0"]
[WhiteElo "1663"]
[BlackElo "1381"]
[PlyCount "49"]
[EventDate "2012.06.30"]
[EventType "team-swiss"]
[EventRounds "7"]
[EventCountry "GRE"]
[SourceTitle "CBM 149 Extra"]
[Source "ChessBase"]
[SourceDate "2012.08.24"]
[SourceVersion "1"]
[SourceVersionDate "2012.08.24"]
[SourceQuality "1"]
[WhiteTeam "Corinth Argonaftis REC"]
[BlackTeam "Nice Fysiolatris"]
[WhiteTeamCountry "GRE"]
[BlackTeamCountry "GRE"]

1. e4 c5 2. Nf3 d6 3. d4 cxd4 4. Nxd4 Nf6 5. Nc3 a6 6. Bg5 e6 7. Bc4 Be7 8. f4 b5 9. Bd3 Bb7 10. Qf3 0-0 11. 0-0-0 Nbd7 12. Nb3 Qc7 13. g4 d5 14. e5 d4 15. Qh3 g6 16. exf6 Bd6 17. Ne2 Rfe8 18. Rhf1 Rac8 19. Nexd4 Nc5 20. Nxc5 Qxc5 21. Nb3 Qc7 22. f5 e5 23. fxg6 e4 24. Qxh7+ Kf8 25. g7# 1-0

[Event "GRE-ch U18"]
[Site "Nikaia"]
[Date "2012.01.05"]
[Round "4"]
[White "Anthopoulos, Hristos"]
[Black "Liodakis, Konstantinos Spyros"]
[Result "0-1"]
[WhiteElo "1628"]
[BlackElo "2077"]
[PlyCount "62"]
[EventDate "2012.01.03"]
[EventType "swiss"]
[EventRounds "9"]
[EventCountry "GRE"]
[SourceTitle "CBM 146 Extra"]
[Source "ChessBase"]
[SourceDate "2012.02.29"]
[SourceVersion "1"]
[SourceVersionDate "2012.02.29"]
[SourceQuality "1"]

1. e4 e6 2. d3 d5 3. Nd2 Nf6 4. Ngf3 c5 5. g3 Be7 6. Bg2 Nc6 7. 0-0 h6 8. Re1 Qc7 9. Nf1 b6 10. h4 Bb7 11. e5 Nd7 12. Bf4 0-0-0 13. c3 Rdg8 14. d4 Kb8 15. h5 g6 16. hxg6 Rxg6 17. c4 Nd8 18. cxd5 Bxd5 19. Ne3 Bb7 20. d5 Bg5 21. d6 Qc8 22. Bxg5 hxg5 23. Ng4 Nc6 24. Qd2 Qg8 25. Qe2 Qh7 26. Qf1 Ncxe5 27. Rxe5 Bxf3 28. Bxf3 Nxe5 29. Qg2 Nxg4 30. Bxg4 Rh6 31. f4 Rh1+ 0-1

[Event "GRE-ch U18"]
[Site "Nikaia"]
[Date "2012.01.03"]
[Round "1"]
[White "Anthopoulos, Hristos"]
[Black "Stamos, Filippos"]
[Result "0-1"]
[WhiteElo "1628"]
[BlackElo "1976"]
[PlyCount "70"]
[EventDate "2012.01.03"]
[EventType "swiss"]
[EventRounds "9"]
[EventCountry "GRE"]
[SourceTitle "CBM 146 Extra"]
[Source "ChessBase"]
[SourceDate "2012.02.29"]
[SourceVersion "1"]
[SourceVersionDate "2012.02.29"]
[SourceQuality "1"]

1. e4 c5 2. Nf3 e6 3. d3 d5 4. Nbd2 Nc6 5. g3 g6 6. Bg2 Bg7 7. 0-0 Nge7 8. Re1 0-0 9. Nf1 dxe4 10. Rxe4 b6 11. Rb1 Bb7 12. Re1 Rc8 13. h4 Qd7 14. N1h2 Rfd8 15. Bf4 Nf5 16. Ng4 Nfd4 17. Nd2 h5 18. Ne5 Nxe5 19. Bxe5 Bxg2 20. Bxg7 Bb7 21. Bf6 Qc6 22. Ne4 Rd5 23. Qc1 Nf5 24. Bg5 Kg7 25. Qf4 e5 26. Qd2 Rd6 27. Qd1 f6 28. Bc1 Re6 29. c3 Rd8 30. Qe2 Red6 31. f3 Rxd3 32. Bd2 Nxg3 33. Nxg3 Rxd2 34. Qe4 Qxe4 35. Nxe4 Bxe4 0-1